[Event "Rubinstein Memorial-C 55th"]
[Site "Polanica Zdroj"]
[Date "2019.08.21"]
[Round "5"]
[White "Stoop, Jan"]
[Black "Doskocz, Karol"]
[Result "1/2-1/2"]
[WhiteElo "1654"]
[BlackElo "1497"]
[PlyCount "112"]
[EventDate "2019.08.17"]
[EventType "swiss"]
[EventRounds "9"]
[EventCountry "POL"]
[SourceTitle "EXT 2020"]
[Source "ChessBase"]
[SourceDate "2019.10.17"]
[SourceVersion "1"]
[SourceVersionDate "2019.10.17"]
[SourceQuality "1"]

1. Nf3 c5 2. c4 e6 3. e4 a6 4. Nc3 Nc6 5. d3 Qc7 6. Be3 h6 7. Rc1 Nf6 8. h3 Be7 9. Be2 0-0 10. Qd2 Kh7 11. g4 Ng8 12. g5 h5 13. Rg1 g6 14. Qd1 Bd8 15. Bxc5 d6 16. Be3 Nge7 17. Nh4 Kg7 18. f4 Qa5 19. Qb3 Qb4 20. Qxb4 Nxb4 21. a3 Nbc6 22. b4 Bd7 23. d4 Na7 24. d5 e5 25. fxe5 dxe5 26. Nf3 Bxh3 27. Nxe5 Bc8 28. Bd4 Kh7 29. Rf1 Ng8 30. Rxf7+ Rxf7 31. Nxf7 Be7 32. c5 Bd7 33. e5 h4 34. Kf2 Be8 35. e6 Bxf7 36. exf7 Rf8 37. Kg2 Rxf7 38. Rf1 Rxf1 39. Bxf1 Bxg5 40. c6 Nxc6 41. dxc6 bxc6 42. Bxa6 Bc1 43. a4 Ne7 44. Bb7 Nf5 45. Bf2 Ba3 46. Bc5 Bb2 47. Ne4 Bd4 48. a5 Be5 49. Bxc6 Kh6 50. Be3+ Nxe3+ 51. Kf3 Nc4 52. a6 Bb8 53. Bd5 Ne5+ 54. Kg2 g5 55. b5 Nd7 56. Bc6 Nb6 1/2-1/2